000 00687nam a2200265Ia 4500
005 20260302114715.0
008 008 260114s9999 xx 000 0 eng d
020 _a9781350296220
037 _aTextbook
040 _aCRL
040 _beng
040 _cCRL
041 _2eng
041 _aeng
084 _qCRL
100 _aStephanie M. Hilger
_91059741
245 4 _aThe Health Humanities in German Studies
260 _bBloomsbury
260 _bBloomsbury Academic
260 _c2024
650 _aLiterary Studies
856 _uhttps://doi.org/10.5040/9781350296220?locatt=label:secondary_bloomsburyCollections
942 _cEBOOK
999 _c1683556
_d1683556